Načítá se...
ടി. പത്മനാഭന്റെ രാഷ്ട്രീയകഥകൾ
| Hlavní autor: | |
|---|---|
| Další autoři: | |
| Médium: | Printed Book |
| Vydáno: |
Kannur
kairali
2009
|
| Témata: |
| LEADER | 00623nam a22001577a 4500 | ||
|---|---|---|---|
| 020 | |a 96220924 | ||
| 082 | |a M894.812 3 |b PAD/T | ||
| 100 | |a പത്മനാഭൻ ടി. | ||
| 245 | |a ടി. പത്മനാഭന്റെ രാഷ്ട്രീയകഥകൾ | ||
| 260 | |a Kannur |b kairali |c 2009 | ||
| 300 | |a 135p. | ||
| 650 | |a T. Padmanabhante rashtreeya kathakal |a Malayalam short strories | ||
| 700 | |a Padmanabhan, T. | ||
| 942 | |c BK | ||
| 999 | |c 34606 |d 34606 | ||
| 952 | |0 0 |1 0 |4 0 |6 M_894_812000000000000_3_PADT |7 0 |8 Stack |9 36617 |a KUCL |b KUCL |c Stack |d 2015-09-09 |l 1 |o M894.812 3 PAD/T |p G1459 |r 2016-05-17 |s 2016-04-05 |w 2015-09-09 |y BK | ||